[Event "Olympiad-43"]
[Site "Batumi"]
[Date "2018.10.02"]
[Round "8.3"]
[White "Zulkipli, Zaidan"]
[Black "Gaealafshwe, Barileng"]
[Result "1-0"]
[WhiteElo "2203"]
[BlackElo "2144"]
[PlyCount "125"]
[EventDate "2018.09.24"]
[EventType "team-swiss"]
[EventRounds "11"]
[EventCountry "GEO"]
[SourceTitle "CBM 187"]
[Source "ChessBase"]
[SourceDate "2018.12.11"]
[SourceVersion "1"]
[SourceVersionDate "2018.12.11"]
[SourceQuality "1"]
[WhiteTeam "Malaysia"]
[BlackTeam "Botswana"]
[WhiteTeamCountry "MAS"]
[BlackTeamCountry "BOT"]

1. d4 d5 2. c4 c6 3. cxd5 cxd5 4. Nf3 Nf6 5. Nc3 Nc6 6. Bf4 a6 7. Ne5 Qb6 8. Nxc6 bxc6 9. Qd2 e6 10. e3 Qb7 11. Be2 c5 12. 0-0 Bd7 13. dxc5 Bxc5 14. Rfc1 Rc8 15. a3 0-0 16. Rc2 a5 17. Rac1 a4 18. Be5 Qb6 19. Bf3 Rfd8 20. Bd4 Bxd4 21. Qxd4 Qxd4 22. exd4 Rc4 23. Ne2 Rxc2 24. Rxc2 Rb8 25. Nc3 Kf8 26. Kf1 Ne8 27. Ke1 Nd6 28. Be2 Ke7 29. Bd3 h6 30. f3 g5 31. Kd1 h5 32. Kc1 g4 33. f4 f5 34. Re2 Ne4 35. Rc2 h4 36. Bxe4 fxe4 37. Kd2 Bb5 38. Ke3 Kd6 39. g3 Bd7 40. Rg2 hxg3 41. hxg3 Rh8 42. Nd1 Bb5 43. Nc3 Bd7 44. Nd1 Bb5 45. Kd2 Rh1 46. Ne3 Bf1 47. Rf2 Bc4 48. f5 exf5 49. Nxf5+ Ke6 50. Ke3 Re1+ 51. Kf4 Be2 52. Ne3 Bf3 53. Rh2 Rb1 54. Rh6+ Kd7 55. Rb6 Bd1 56. Nxd5 Bb3 57. Nc3 Rxb2 58. Nxe4 Ra2 59. Ke5 Rxa3 60. d5 Bc2 61. Nc5+ Kc7 62. Rc6+ Kb8 63. Nd7+ 1-0

[Event "Olympiad-43"]
[Site "Batumi"]
[Date "2018.09.27"]
[Round "4.60"]
[White "Gaealafshwe, Barileng"]
[Black "Anwuli, Daniel"]
[Result "0-1"]
[WhiteElo "2144"]
[BlackElo "2267"]
[PlyCount "78"]
[EventDate "2018.09.24"]
[EventType "team-swiss"]
[EventRounds "11"]
[EventCountry "GEO"]
[SourceTitle "CBM 187"]
[Source "ChessBase"]
[SourceDate "2018.12.11"]
[SourceVersion "1"]
[SourceVersionDate "2018.12.11"]
[SourceQuality "1"]
[WhiteTeam "Botswana"]
[BlackTeam "Nigeria"]
[WhiteTeamCountry "BOT"]
[BlackTeamCountry "NGR"]

1. Nf3 e6 2. d4 Nf6 3. c4 d5 4. Nc3 Be7 5. Bg5 c6 6. e3 Nbd7 7. Rc1 0-0 8. Bd3 dxc4 9. Bxc4 b5 10. Bd3 Bb7 11. 0-0 a6 12. a4 Rc8 13. Qe2 Qa5 14. Nd2 Rfe8 15. Ra1 b4 16. Bxf6 Nxf6 17. Nb3 Qc7 18. Ne4 Nxe4 19. Bxe4 e5 20. Qc2 g6 21. Rac1 exd4 22. exd4 a5 23. g3 Red8 24. Rfd1 Qb6 25. h4 Rc7 26. h5 Kg7 27. hxg6 hxg6 28. Nc5 Bc8 29. Nb3 Be6 30. d5 Bg4 31. dxc6 Bxd1 32. Rxd1 Rxd1+ 33. Qxd1 Bf6 34. Qc2 Re7 35. Bf3 Be5 36. Nd2 Bxg3 37. Nc4 Qc5 38. b3 Bc7 39. Qd2 Qf5 0-1

[Event "BOT-ch op"]
[Site "Gaborone"]
[Date "2018.04.01"]
[Round "6.5"]
[White "Monnaatsheko, Keletshabile"]
[Black "Gaealafshwe, Barileng"]
[Result "1/2-1/2"]
[WhiteElo "2050"]
[BlackElo "2144"]
[PlyCount "71"]
[EventDate "2018.03.30"]
[EventType "tourn"]
[EventRounds "9"]
[EventCountry "BOT"]
[SourceTitle "EXT 2024"]
[Source "ChessBase"]
[SourceDate "2023.10.10"]
[SourceVersion "1"]
[SourceVersionDate "2023.10.10"]
[SourceQuality "1"]

1. d4 d5 2. Nf3 Nf6 3. Bf4 c5 4. e3 Nc6 5. Nc3 Qa5 6. Ne5 cxd4 7. exd4 Bf5 8. Bb5 Rc8 9. 0-0 e6 10. Qe2 Bb4 11. Nd1 0-0 12. c3 Be7 13. b4 Qb6 14. Nxc6 bxc6 15. Ba6 Rcd8 16. a4 Bd6 17. Bxd6 Rxd6 18. a5 Qc7 19. Ne3 Bg6 20. Bd3 Rd7 21. Bxg6 hxg6 22. f4 Ne4 23. Rac1 Qb7 24. Ng4 Qb5 25. Qe3 Rb8 26. Ne5 Rc7 27. Rf3 Qa4 28. Rh3 Qa2 29. Rh4 Qd2 30. Qxd2 Nxd2 31. Rd1 Ne4 32. Rd3 g5 33. Rh5 g6 34. Rh6 Kg7 35. Rdh3 Kf6 36. Rh7 1/2-1/2

[Event "Livingstone FIDE zt 4.3"]
[Site "Livingstone"]
[Date "2017.06.15"]
[Round "7"]
[White "Jere, Daniel"]
[Black "Gaealafshwe, Barileng"]
[Result "1-0"]
[WhiteElo "2387"]
[BlackElo "2169"]
[PlyCount "108"]
[EventDate "2017.06.10"]
[EventType "swiss"]
[EventRounds "9"]
[EventCountry "ZAM"]
[SourceTitle "EXT 2020"]
[Source "ChessBase"]
[SourceDate "2019.10.17"]
[SourceVersion "1"]
[SourceVersionDate "2019.10.17"]
[SourceQuality "1"]

1. c4 c6 2. g3 d5 3. Bg2 Nf6 4. Nf3 Bf5 5. Qb3 Qb6 6. Nc3 e6 7. 0-0 Nbd7 8. d3 Be7 9. Na4 Qxb3 10. axb3 a6 11. Bd2 0-0 12. Rfc1 h6 13. cxd5 exd5 14. b4 Rfe8 15. Kf1 Bd6 16. Nc5 Nxc5 17. bxc5 Bc7 18. Rc3 Rad8 19. Rb3 Bc8 20. Ba5 Bxa5 21. Rxa5 Re7 22. Nd4 Rde8 23. Rb4 g6 24. Ra3 Rf8 25. Nb3 Ne8 26. Na5 f5 27. Rab3 Rff7 28. e3 Ng7 29. e4 dxe4 30. dxe4 Re5 31. Nxb7 Bxb7 32. Rxb7 Rxb7 33. Rxb7 Rxc5 34. exf5 Nxf5 35. Be4 Nd6 36. Rb8+ Kg7 37. Bd3 a5 38. Rd8 Nc4 39. Rb8 Ne5 40. Be4 Rc4 41. f3 Rc1+ 42. Ke2 Rh1 43. h4 Rh2+ 44. Ke1 a4 45. Rb4 c5 46. Rxa4 c4 47. Ra7+ Kf6 48. Ra6+ Kf7 49. f4 Nd3+ 50. Kf1 Rxb2 51. Bxg6+ Kg7 52. h5 Rf2+ 53. Kg1 Rd2 54. Rc6 Ne1 1-0

[Event "Livingstone FIDE zt 4.3"]
[Site "Livingstone"]
[Date "2017.06.11"]
[Round "3"]
[White "Mulenga, Prince Daniel"]
[Black "Gaealafshwe, Barileng"]
[Result "1/2-1/2"]
[WhiteElo "2110"]
[BlackElo "2169"]
[PlyCount "63"]
[EventDate "2017.06.10"]
[EventType "swiss"]
[EventRounds "9"]
[EventCountry "ZAM"]
[SourceTitle "EXT 2020"]
[Source "ChessBase"]
[SourceDate "2019.10.17"]
[SourceVersion "1"]
[SourceVersionDate "2019.10.17"]
[SourceQuality "1"]

1. d4 d5 2. c4 c6 3. Nf3 Nf6 4. e3 Bg4 5. h3 Bxf3 6. Qxf3 e6 7. Nc3 Nbd7 8. Bd3 Bd6 9. Bd2 Qe7 10. cxd5 exd5 11. g4 h6 12. 0-0-0 0-0-0 13. h4 Rde8 14. g5 Ne4 15. Bxe4 dxe4 16. Qg4 h5 17. Qh3 Kb8 18. Kb1 Nb6 19. f3 exf3 20. Qxf3 Bb4 21. Rhf1 Bxc3 22. Bxc3 Qxe3 23. Qxe3 Rxe3 24. Rxf7 Nd5 25. Rdf1 Rg8 26. Rf8+ Rxf8 27. Rxf8+ Kc7 28. Kc2 g6 29. Rg8 Re6 30. Bd2 Kb6 31. Rg7 Nc7 32. Rf7 1/2-1/2

[Event "Port Louis zt 4.3"]
[Site "Port Louis"]
[Date "2016.04.29"]
[Round "7"]
[White "Do Santos Julio, Joao Manuel"]
[Black "Gaealafshwe, Barileng"]
[Result "0-1"]
[WhiteElo "2111"]
[BlackElo "2203"]
[PlyCount "58"]
[EventDate "2016.04.24"]
[EventType "swiss"]
[EventRounds "9"]
[EventCountry "MRI"]
[SourceTitle "CBM 172 Extra"]
[Source "ChessBase"]
[SourceDate "2016.06.21"]
[SourceVersion "1"]
[SourceVersionDate "2016.06.21"]
[SourceQuality "1"]

1. e4 c5 2. Nf3 d6 3. d4 cxd4 4. Nxd4 Nf6 5. Nc3 a6 6. Be2 e5 7. Nb3 Be6 8. a4 Nbd7 9. Be3 Rc8 10. 0-0 Be7 11. f3 0-0 12. Qd2 Nb6 13. Rad1 Qc7 14. Qe1 d5 15. a5 Nc4 16. Bxc4 Qxc4 17. Nd2 Qc6 18. exd5 Nxd5 19. Nxd5 Bxd5 20. c3 f5 21. Kh1 Bf6 22. Bb6 Rce8 23. c4 Bf7 24. Rb1 e4 25. fxe4 Bh5 26. Rc1 Bg5 27. Be3 f4 28. Bd4 f3 29. Be3 fxg2+ 0-1

[Event "Port Louis zt 4.3"]
[Site "Port Louis"]
[Date "2016.04.25"]
[Round "3"]
[White "Gaealafshwe, Barileng"]
[Black "Alberto, Manuel"]
[Result "1/2-1/2"]
[WhiteElo "2203"]
[BlackElo "2195"]
[PlyCount "60"]
[EventDate "2016.04.24"]
[EventType "swiss"]
[EventRounds "9"]
[EventCountry "MRI"]
[SourceTitle "CBM 172 Extra"]
[Source "ChessBase"]
[SourceDate "2016.06.21"]
[SourceVersion "1"]
[SourceVersionDate "2016.06.21"]
[SourceQuality "1"]

1. Nf3 Nf6 2. c4 e6 3. Nc3 d5 4. d4 b6 5. Bg5 Bb7 6. Rc1 a6 7. cxd5 exd5 8. e3 Be7 9. Bd3 0-0 10. 0-0 h6 11. Bh4 c5 12. dxc5 bxc5 13. Bb1 Nbd7 14. Qb3 Bc6 15. Rfd1 Qa5 16. Qc2 Rfd8 17. a3 g6 18. Ba2 Nb6 19. e4 g5 20. exd5 Nbxd5 21. Ne5 Bb7 22. Bg3 c4 23. Nxc4 Qc5 24. Ne3 Rac8 25. Nexd5 Bxd5 26. Bxd5 Nxd5 27. h3 Bf6 28. Nxd5 Rxd5 29. Rxd5 Qxc2 30. Rxc2 Rxc2 1/2-1/2

[Event "Port Louis zt 4.3"]
[Site "Port Louis"]
[Date "2016.04.24"]
[Round "1"]
[White "Gaealafshwe, Barileng"]
[Black "Koster, Jeroen Louis"]
[Result "1-0"]
[WhiteElo "2203"]
[BlackElo "1866"]
[PlyCount "56"]
[EventDate "2016.04.24"]
[EventType "swiss"]
[EventRounds "9"]
[EventCountry "MRI"]
[SourceTitle "CBM 172 Extra"]
[Source "ChessBase"]
[SourceDate "2016.06.21"]
[SourceVersion "1"]
[SourceVersionDate "2016.06.21"]
[SourceQuality "1"]

1. Nf3 Nf6 2. c4 d6 3. d4 g6 4. Nc3 Bg7 5. e4 0-0 6. Be2 Na6 7. 0-0 c5 8. Re1 Bd7 9. Bf1 cxd4 10. Nxd4 Nc5 11. f3 Ne6 12. Nb3 Nh5 13. Be3 b6 14. Qd2 Bc6 15. Rac1 Be5 16. Nd5 Qd7 17. g4 Nf6 18. f4 Nxe4 19. Qg2 Nxf4 20. Bxf4 Bxf4 21. Nxf4 Nf6 22. Nd5 Bxd5 23. cxd5 Nxg4 24. Nd4 Ne5 25. Bb5 Qb7 26. Bc6 Qa6 27. Bxa8 Rxa8 28. Nc6 Qxa2 1-0

[Event "Olympiad-41"]
[Site "Tromsoe"]
[Date "2014.08.11"]
[Round "9.1"]
[White "Basil, Alshouha"]
[Black "Gaealafshwe, Barileng"]
[Result "0-1"]
[WhiteElo "2135"]
[BlackElo "2222"]
[PlyCount "126"]
[EventDate "2014.08.02"]
[EventType "team-swiss"]
[EventRounds "11"]
[EventCountry "NOR"]
[SourceTitle "CBM 162"]
[Source "ChessBase"]
[SourceDate "2014.09.17"]
[SourceVersion "1"]
[SourceVersionDate "2014.09.17"]
[SourceQuality "1"]
[WhiteTeam "Jordan"]
[BlackTeam "Botswana"]
[WhiteTeamCountry "JOR"]
[BlackTeamCountry "BOT"]

1. c4 e6 2. Nf3 d5 3. b3 Nf6 4. Bb2 Be7 5. e3 0-0 6. Be2 c5 7. 0-0 Nc6 8. d3 b6 9. Nbd2 Bb7 10. a3 Rc8 11. Qc2 Qd7 12. Rfe1 Rfd8 13. Rad1 a6 14. Bf1 Qc7 15. g3 Qb8 16. Bg2 Qa8 17. Ne5 Nxe5 18. Bxe5 dxc4 19. Bxb7 cxd3 20. Bxa8 dxc2 21. Bb7 cxd1Q 22. Rxd1 Nd7 23. Bf4 Rb8 24. Bxb8 Nxb8 25. Bf3 Kf8 26. Kf1 Rd3 27. Ke2 Rc3 28. Rb1 f5 29. e4 Nc6 30. Bg2 Nd4+ 31. Kd1 b5 32. exf5 exf5 33. Bb7 a5 34. a4 c4 35. bxc4 bxc4 36. Bd5 Bb4 37. Bxc4 Rc2 38. Rxb4 axb4 39. a5 b3 40. Bd3 Ra2 41. a6 b2 42. Nb1 g6 43. h4 Nc6 44. Bc4 Ra5 45. Kc2 Nb4+ 46. Kxb2 Nxa6 47. Bxa6 Rxa6 48. Nc3 Kf7 49. Kc2 Ke6 50. Kd2 Ke5 51. Ke2 Ra3 52. f4+ Ke6 53. Kd3 Ra1 54. Ke3 Rg1 55. Ne2 Rg2 56. Kf3 Rh2 57. Nc1 Rc2 58. Ne2 Kd5 59. Ng1 Rc3+ 60. Kg2 Ke4 61. Nh3 Rc2+ 62. Kf1 h6 63. h5 gxh5 0-1

[Event "Olympiad-41"]
[Site "Tromsoe"]
[Date "2014.08.10"]
[Round "8.1"]
[White "Manuel, Enofre Efren D"]
[Black "Gaealafshwe, Barileng"]
[Result "1/2-1/2"]
[WhiteElo "1950"]
[BlackElo "2222"]
[PlyCount "114"]
[EventDate "2014.08.02"]
[EventType "team-swiss"]
[EventRounds "11"]
[EventCountry "NOR"]
[SourceTitle "CBM 162"]
[Source "ChessBase"]
[SourceDate "2014.09.17"]
[SourceVersion "1"]
[SourceVersionDate "2014.09.17"]
[SourceQuality "1"]
[WhiteTeam "Guam"]
[BlackTeam "Botswana"]
[WhiteTeamCountry "GMA"]
[BlackTeamCountry "BOT"]

1. c4 e6 2. Nf3 d5 3. d4 Nf6 4. Nc3 Nbd7 5. g3 Be7 6. Bg2 0-0 7. cxd5 exd5 8. 0-0 c6 9. Qc2 Re8 10. Re1 Bd6 11. Nh4 Nf8 12. Bg5 Ne6 13. Bxf6 Qxf6 14. e3 Bd7 15. Nf3 Rad8 16. h3 h5 17. Rad1 Nf8 18. e4 dxe4 19. Nxe4 Qg6 20. Nh4 Qh6 21. Nxd6 Qxd6 22. Rxe8 Rxe8 23. d5 cxd5 24. Rxd5 Qb4 25. Qd2 Qxd2 26. Rxd2 b6 27. a3 Re1+ 28. Kh2 g6 29. Bd5 Kg7 30. Nf3 Re7 31. Nd4 Kf6 32. Nc6 Bxc6 33. Bxc6 Rc7 34. Bb5 Ne6 35. Kg2 g5 36. Rd7 Rxd7 37. Bxd7 Nc5 38. Bb5 Ne4 39. Kf3 Nd6 40. Bd3 Ke5 41. Ke3 h4 42. gxh4 gxh4 43. f4+ Kd5 44. b3 a5 45. Bh7 f5 46. Bg8+ Kc5 47. Be6 Nb5 48. Bxf5 Nxa3 49. Bd3 Nb5 50. f5 Nc7 51. Kf4 Kd6 52. Kg5 Ke5 53. Kxh4 Kf6 54. Kg4 b5 55. h4 a4 56. bxa4 bxa4 57. Bc4 Ne8 1/2-1/2

[Event "Olympiad-41"]
[Site "Tromsoe"]
[Date "2014.08.02"]
[Round "1.1"]
[White "Gaealafshwe, Barileng"]
[Black "Banikas, Hristos"]
[Result "1/2-1/2"]
[WhiteElo "2222"]
[BlackElo "2644"]
[PlyCount "86"]
[EventDate "2014.08.02"]
[EventType "team-swiss"]
[EventRounds "11"]
[EventCountry "NOR"]
[SourceTitle "CBM 162"]
[Source "ChessBase"]
[SourceDate "2014.09.17"]
[SourceVersion "1"]
[SourceVersionDate "2014.09.17"]
[SourceQuality "1"]
[WhiteTeam "Botswana"]
[BlackTeam "Greece"]
[WhiteTeamCountry "BOT"]
[BlackTeamCountry "GRE"]

1. Nf3 c5 2. c4 Nc6 3. d4 cxd4 4. Nxd4 Nf6 5. Nc3 e6 6. a3 Bc5 7. Nb3 Be7 8. e4 0-0 9. Be3 b6 10. Be2 Ba6 11. 0-0 Rc8 12. Nd2 Qc7 13. Rc1 Qb8 14. f4 Rfd8 15. e5 Ne8 16. b4 Bb7 17. c5 bxc5 18. bxc5 f6 19. exf6 Bxf6 20. Nde4 Ne7 21. Nxf6+ Nxf6 22. Qd6 Nf5 23. Qxb8 Rxb8 24. Bf2 Ne4 25. Nxe4 Bxe4 26. Rfd1 Ne7 27. Rc4 Bd5 28. Rb4 Nc6 29. Rbb1 Rf8 30. Be3 Ne7 31. Bd3 Bc6 32. Rxb8 Rxb8 33. Rb1 Rxb1+ 34. Bxb1 Nd5 35. Bd2 Nf6 36. Bd3 Kf7 37. Bc3 Nd5 38. Be5 Ne3 39. g3 g6 40. Ba6 Nc2 41. Bb2 Ne3 42. Be5 Nc2 43. Bb2 Ne3 1/2-1/2

[Event "Windhoek zt 4.3"]
[Site "Windhoek"]
[Date "2014.06.25"]
[Round "5"]
[White "Chumfwa, Kelvin"]
[Black "Gaealafshwe, Barileng"]
[Result "1/2-1/2"]
[WhiteElo "2218"]
[BlackElo "2210"]
[PlyCount "62"]
[EventDate "2014.06.23"]
[EventType "swiss"]
[EventRounds "9"]
[EventCountry "NAM"]
[SourceTitle "EXT 2015"]
[Source "ChessBase"]
[SourceDate "2014.11.20"]
[SourceVersion "1"]
[SourceVersionDate "2014.11.20"]
[SourceQuality "1"]

1. e4 c6 2. d4 d5 3. e5 c5 4. c3 Nc6 5. Nf3 cxd4 6. cxd4 Bg4 7. Nc3 e6 8. Bb5 Nge7 9. h3 Bh5 10. g4 Bg6 11. Bd3 Bxd3 12. Qxd3 a6 13. a3 h5 14. Rg1 hxg4 15. hxg4 Rh3 16. Ne2 Ng6 17. Rg3 Rh8 18. Kf1 Be7 19. Kg2 Qb6 20. b4 Rc8 21. Be3 Qb5 22. Qxb5 axb5 23. Rc1 Kd7 24. Ne1 f6 25. f4 f5 26. g5 Na7 27. Rxc8 Nxc8 28. Nc3 Kc6 29. Rh3 Rxh3 30. Kxh3 Nb6 31. Nf3 Na4 1/2-1/2

[Event "Commonwealth & RSA op"]
[Site "Port Elizabeth"]
[Date "2013.07.08"]
[Round "4"]
[White "Barua, Dibyendu"]
[Black "Gaealafshwe, Barileng"]
[Result "1-0"]
[WhiteElo "2431"]
[BlackElo "2175"]
[PlyCount "32"]
[EventDate "2013.07.06"]
[EventType "swiss"]
[EventRounds "11"]
[EventCountry "RSA"]
[SourceTitle "CBM 155 Extra"]
[Source "ChessBase"]
[SourceDate "2013.08.26"]
[SourceVersion "1"]
[SourceVersionDate "2013.08.26"]
[SourceQuality "1"]

1. e4 c6 2. d4 d5 3. exd5 cxd5 4. Bd3 Nc6 5. c3 Nf6 6. Nf3 g6 7. Nbd2 Bg7 8. 0-0 0-0 9. Re1 Bg4 10. h3 Bxf3 11. Nxf3 e6 12. Bg5 Qc7 13. Qd2 Qd8 14. g4 Na5 15. b3 Nc6 16. Kg2 Re8 1-0

[Event "Olympiad-40"]
[Site "Istanbul"]
[Date "2012.09.05"]
[Round "8.4"]
[White "Ismael Namir, Mohammed Ismael"]
[Black "Gaealafshwe, Barileng"]
[Result "1-0"]
[WhiteElo "2189"]
[BlackElo "2151"]
[PlyCount "107"]
[EventDate "2012.08.28"]
[EventType "team-swiss"]
[EventRounds "11"]
[EventCountry "TUR"]
[SourceTitle "CBM 151"]
[Source "ChessBase"]
[SourceDate "2012.11.13"]
[SourceVersion "1"]
[SourceVersionDate "2012.11.13"]
[SourceQuality "1"]
[WhiteTeam "Iraq"]
[BlackTeam "Botswana"]
[WhiteTeamCountry "IRQ"]
[BlackTeamCountry "BOT"]

1. d4 d5 2. c4 e6 3. Nf3 Nf6 4. Nc3 Be7 5. Bg5 h6 6. Bh4 0-0 7. e3 Ne4 8. Bxe7 Qxe7 9. Rc1 c6 10. Bd3 Nxc3 11. Rxc3 Nd7 12. 0-0 e5 13. dxe5 dxc4 14. Bxc4 Nxe5 15. Nxe5 Qxe5 16. a4 Bf5 17. Qb3 b6 18. Rd1 c5 19. f3 Rae8 20. e4 Be6 21. Bxe6 Qxe6 22. Qxe6 Rxe6 23. Kf2 f5 24. exf5 Rxf5 25. Re3 Rxe3 26. Kxe3 Re5+ 27. Kf2 Re7 28. Rd8+ Kf7 29. b3 Kf6 30. h4 Rc7 31. Ke3 c4 32. bxc4 Rxc4 33. a5 bxa5 34. Rd6+ Ke7 35. Ra6 a4 36. h5 Rc7 37. Ke4 Kd7 38. f4 Kc8 39. Kf5 Kb7 40. Rxa4 Rc6 41. Ra3 Rf6+ 42. Ke5 a6 43. g4 Kc7 44. g5 Rb6 45. Rg3 Kd8 46. gxh6 Rxh6 47. Rxg7 Rxh5+ 48. f5 Ke8 49. Ke6 Kf8 50. Ra7 Rh1 51. Ra8+ Kg7 52. f6+ Kg6 53. Rg8+ Kh7 54. f7 1-0

[Event "Olympiad-40"]
[Site "Istanbul"]
[Date "2012.09.03"]
[Round "6.4"]
[White "Gaealafshwe, Barileng"]
[Black "Popovic, Dusan"]
[Result "0-1"]
[WhiteElo "2151"]
[BlackElo "2579"]
[PlyCount "92"]
[EventDate "2012.08.28"]
[EventType "team-swiss"]
[EventRounds "11"]
[EventCountry "TUR"]
[SourceTitle "CBM 151"]
[Source "ChessBase"]
[SourceDate "2012.11.13"]
[SourceVersion "1"]
[SourceVersionDate "2012.11.13"]
[SourceQuality "1"]
[WhiteTeam "Botswana"]
[BlackTeam "Serbia"]
[WhiteTeamCountry "BOT"]
[BlackTeamCountry "SRB"]

1. Nf3 Nf6 2. c4 g6 3. Nc3 Bg7 4. e4 d6 5. d4 0-0 6. Be2 e5 7. 0-0 exd4 8. Nxd4 Re8 9. f3 c6 10. Kh1 Nh5 11. f4 Qh4 12. Bxh5 Qxh5 13. Nf3 Qc5 14. Qd3 Be6 15. b3 d5 16. Be3 dxc4 17. Qd2 Qa5 18. Bd4 f6 19. f5 Bf7 20. fxg6 Bxg6 21. Nh4 Qg5 22. Qf2 cxb3 23. axb3 Nd7 24. Nxg6 hxg6 25. Rxa7 Rxa7 26. Bxa7 Ne5 27. Be3 Ng4 28. Bxg5 Nxf2+ 29. Rxf2 fxg5 30. Rf3 g4 31. Rd3 Bxc3 32. Rxc3 Rxe4 33. h3 gxh3 34. Rxh3 Kg7 35. Rd3 Kf6 36. Kh2 Ke6 37. Rg3 Kf5 38. Rd3 Re6 39. Kg3 Ke5 40. Kg4 c5 41. Kg5 b5 42. g4 c4 43. bxc4 bxc4 44. Re3+ Kd5 45. Rxe6 Kxe6 46. Kxg6 c3 0-1

[Event "African Games op 10th"]
[Site "Maputo"]
[Date "2011.09.13"]
[Round "8.2"]
[White "Nakapunda, Otto"]
[Black "Gaealafshwe, Barileng"]
[Result "0-1"]
[WhiteElo "2041"]
[BlackElo "2117"]
[PlyCount "112"]
[EventDate "2011.09.05"]
[EventType "team-swiss"]
[EventRounds "9"]
[EventCountry "MOZ"]
[SourceTitle "CBM 144 Extra"]
[Source "ChessBase"]
[SourceDate "2011.10.28"]
[SourceVersion "1"]
[SourceVersionDate "2011.10.28"]
[SourceQuality "1"]
[WhiteTeam "Namibia"]
[BlackTeam "Botswana"]
[WhiteTeamCountry "NAM"]
[BlackTeamCountry "BOT"]

1. d4 d5 2. Nf3 Nf6 3. c4 e6 4. Nc3 Be7 5. e3 0-0 6. Bd3 b6 7. cxd5 exd5 8. 0-0 Bb7 9. b3 Nbd7 10. Bb2 c5 11. Rc1 a6 12. a3 Re8 13. Qe2 Bd6 14. Qd1 Rc8 15. Bf5 c4 16. Re1 b5 17. bxc4 Rxc4 18. Nd2 Rc7 19. e4 dxe4 20. Bxe4 Bc8 21. Bf3 Rxe1+ 22. Qxe1 Nb6 23. Nce4 Nxe4 24. Bxe4 Rxc1 25. Qxc1 Qc7 26. Qxc7 Bxc7 27. Kf1 f5 28. Bc6 Kf7 29. Ke2 g6 30. h3 Ke7 31. Kd3 Bd6 32. Kc2 Kd8 33. Bc1 Kc7 34. Bf3 Bb7 35. Bxb7 Kxb7 36. Nf3 Nd5 37. Ng5 Nf6 38. f3 Kc6 39. Kd3 Kd5 40. Nf7 Bc7 41. Ng5 h5 42. Nf7 Nh7 43. f4 Nf8 44. Ne5 Bd6 45. Bb2 Ne6 46. Nxg6 Nxf4+ 47. Nxf4+ Bxf4 48. Kc3 Bd6 49. Kd3 a5 50. Bc1 Be7 51. Bb2 a4 52. Kc3 Bd6 53. Kd3 b4 54. axb4 Bxb4 55. Bc1 a3 56. Ke3 a2 0-1

[Event "African Games op 10th"]
[Site "Maputo"]
[Date "2011.09.10"]
[Round "6.2"]
[White "Mesfin, Leykun"]
[Black "Gaealafshwe, Barileng"]
[Result "0-1"]
[WhiteElo "2171"]
[BlackElo "2117"]
[PlyCount "58"]
[EventDate "2011.09.05"]
[EventType "team-swiss"]
[EventRounds "9"]
[EventCountry "MOZ"]
[SourceTitle "CBM 144 Extra"]
[Source "ChessBase"]
[SourceDate "2011.10.28"]
[SourceVersion "1"]
[SourceVersionDate "2011.10.28"]
[SourceQuality "1"]
[WhiteTeam "Ethiopia"]
[BlackTeam "Botswana"]
[WhiteTeamCountry "ETH"]
[BlackTeamCountry "BOT"]

1. e4 c5 2. Nf3 d6 3. d4 cxd4 4. Nxd4 Nf6 5. Nc3 a6 6. Be3 e5 7. Nb3 Be6 8. f3 Nbd7 9. Qd2 Be7 10. 0-0-0 0-0 11. f4 b5 12. Kb1 b4 13. Nd5 Bxd5 14. exd5 Nb6 15. Na5 Nfxd5 16. Nc6 Qc7 17. Nxe7+ Qxe7 18. Bxb6 Nxb6 19. Qxb4 Rab8 20. Qxd6 Rbd8 21. Qxd8 Rxd8 22. Rxd8+ Qxd8 23. Bxa6 Qd2 24. b3 g6 25. Bb7 Nc4 26. Be4 Nd6 27. g4 f5 28. gxf5 gxf5 29. Bc6 e4 0-1

[Event "Commonwealth-ch RSA op"]
[Site "Gauteng"]
[Date "2011.07.03"]
[Round "11"]
[White "Gumpo, Thabo"]
[Black "Gaealafshwe, Barileng"]
[Result "1/2-1/2"]
[WhiteElo "1944"]
[BlackElo "2128"]
[PlyCount "41"]
[EventDate "2011.06.25"]
[EventType "swiss"]
[EventRounds "11"]
[EventCountry "RSA"]
[SourceTitle "CBM 143 Extra"]
[Source "ChessBase"]
[SourceDate "2011.08.29"]
[SourceVersion "1"]
[SourceVersionDate "2011.08.29"]
[SourceQuality "1"]

1. e4 c5 2. Nf3 d6 3. Bb5+ Bd7 4. Bxd7+ Qxd7 5. 0-0 Nc6 6. c4 Nf6 7. Nc3 g6 8. d4 cxd4 9. Nxd4 Bg7 10. Re1 0-0 11. f3 Nxd4 12. Qxd4 a6 13. Qd3 Qd8 14. Be3 Rc8 15. Rac1 Re8 16. Red1 Nd7 17. b3 Qa5 18. Bd4 Nc5 19. Qd2 Ne6 20. Nd5 Nc5 21. Qf2 1/2-1/2

[Event "Commonwealth-ch RSA op"]
[Site "Gauteng"]
[Date "2011.06.24"]
[Round "7"]
[White "Bornheim, Craig"]
[Black "Gaealafshwe, Barileng"]
[Result "1/2-1/2"]
[WhiteElo "1806"]
[BlackElo "2128"]
[PlyCount "96"]
[EventDate "2011.06.25"]
[EventType "swiss"]
[EventRounds "11"]
[EventCountry "RSA"]
[SourceTitle "CBM 143 Extra"]
[Source "ChessBase"]
[SourceDate "2011.08.29"]
[SourceVersion "1"]
[SourceVersionDate "2011.08.29"]
[SourceQuality "1"]

1. d4 d5 2. c4 e6 3. Nc3 Nf6 4. Bg5 Be7 5. Nf3 0-0 6. e3 Ne4 7. Bxe7 Qxe7 8. Bd3 Nxc3 9. bxc3 Nd7 10. 0-0 e5 11. Bf5 exd4 12. Qxd4 dxc4 13. Bxd7 Bxd7 14. Qxc4 c5 15. Rfd1 Be6 16. Qa4 b6 17. Ne5 Qc7 18. Nd3 Rfd8 19. Nf4 Bd7 20. Qc2 Bc6 21. Rxd8+ Rxd8 22. Rd1 b5 23. f3 Rxd1+ 24. Qxd1 a5 25. Nd3 Qe7 26. e4 c4 27. Nc1 Qc5+ 28. Kf1 b4 29. Ne2 a4 30. cxb4 Qxb4 31. Qc2 a3 32. Nc3 Qc5 33. Qf2 Qe5 34. Qd2 Qc5 35. Nb1 Qb5 36. Nxa3 c3+ 37. Nxb5 Bxb5+ 38. Qe2 c2 39. Qxb5 c1Q+ 40. Kf2 Qd2+ 41. Qe2 Qd4+ 42. Kg3 g5 43. Qb5 Qd6+ 44. Kf2 Qd2+ 45. Qe2 Qd4+ 46. Kg3 Qe5+ 47. Kh3 h5 48. g3 Kg7 1/2-1/2

[Event "BOT-ch"]
[Site "Gaborone"]
[Date "2011.04.23"]
[Round "4"]
[White "Oatlhotse, Providence"]
[Black "Gaealafshwe, Barileng"]
[Result "1/2-1/2"]
[WhiteElo "2232"]
[BlackElo "2151"]
[PlyCount "43"]
[EventDate "2011.04.21"]
[EventType "tourn"]
[EventRounds "9"]
[EventCountry "BOT"]
[SourceTitle "CBM 142 Extra"]
[Source "ChessBase"]
[SourceDate "2011.06.27"]
[SourceVersion "1"]
[SourceVersionDate "2011.06.27"]
[SourceQuality "1"]

1. d4 d5 2. c4 e6 3. Nf3 Nf6 4. Bg5 Be7 5. e3 h6 6. Bh4 0-0 7. Bd3 Ne4 8. Bxe7 Qxe7 9. 0-0 c6 10. Qc2 Nf6 11. Nc3 Nbd7 12. e4 dxc4 13. Bxc4 e5 14. d5 Nb6 15. Bb3 Bg4 16. dxc6 bxc6 17. Nd2 c5 18. Rac1 Rac8 19. Nc4 Rfd8 20. Nd1 Nxc4 21. Bxc4 Rxd1 22. Rfxd1 1/2-1/2